[Event "6th Africa-ch"]
[Site "Windhoek NAM"]
[Date "2007.09.01"]
[Round "1"]
[White "Chambule, Pedro Lucas"]
[Black "Alice Mateus, Felizardo Viageiro"]
[Result "1/2-1/2"]
[WhiteElo "2096"]
[BlackElo "2255"]
[EventDate "2007.09.01"]
[PlyCount "33"]

1.e4 c5 2.Nf3 d6 3.d4 cxd4 4.Nxd4 Nf6 5.Nc3 a6 6.Be2 e5 7.Nb3 Be7 8.Bg5 
Be6 9.O-O O-O 10.Qd2 Nbd7 11.Rad1 Rc8 12.Kh1 Qc7 13.f4 b5 14.Bf3 b4 15.Nd5
Bxd5 16.exd5 Qxc2 17.Qxb4 1/2-1/2

[Event "6th Africa-ch"]
[Site "Windhoek NAM"]
[Date "2007.09.01"]
[Round "1"]
[White "Niazi, Nehad"]
[Black "El-Gindy, Essam"]
[Result "0-1"]
[WhiteElo "2239"]
[BlackElo "2507"]
[EventDate "2007.09.01"]
[PlyCount "70"]

1.d4 Nf6 2.c4 c6 3.Nc3 d5 4.e3 e6 5.Bd3 Nbd7 6.Nf3 Bd6 7.O-O O-O 8.e4 dxc4
9.Bxc4 e5 10.Bg5 Qe7 11.Re1 b5 12.Bb3 a6 13.Bh4 Bb7 14.a4 h6 15.d5 Bb4 16.
Re3 Bxc3 17.Rxc3 c5 18.Nd2 c4 19.Bc2 Qb4 20.Rg3 Qxb2 21.Rb1 Qd4 22.Nf3 
Qxd1+ 23.Rxd1 Nh5 24.Rg4 f6 25.Bg3 b4 26.Rb1 a5 27.Nh4 Nc5 28.Nf5 Kh7 29.
Nd6 Bc8 30.Rh4 Nxg3 31.hxg3 c3 32.f4 Ba6 33.Kf2 Bd3 34.Rc1 Bxc2 35.Rxc2 
Nxa4 0-1

[Event "6th Africa-ch"]
[Site "Windhoek NAM"]
[Date "2007.09.02"]
[Round "2"]
[White "Chimthere, Alfred"]
[Black "Oatlhotse, Providence"]
[Result "0-1"]
[WhiteElo "1968"]
[BlackElo "2154"]
[EventDate "2007.09.01"]
[PlyCount "72"]

1.d4 Nf6 2.c4 g6 3.Nc3 Bg7 4.Bg5 d6 5.Qd2 h6 6.Bh4 g5 7.Bg3 Bf5 8.f3 Nbd7 
9.e4 Bg6 10.O-O-O Nh5 11.Bf2 e5 12.Nge2 c6 13.Kb1 O-O 14.g4 Nf4 15.Nxf4 
exf4 16.h4 a6 17.hxg5 hxg5 18.Bd3 Qf6 19.Ka1 Rfe8 20.e5 dxe5 21.Ne4 Qe7 
22.Nxg5 Bxd3 23.Qxd3 Qxg5 24.Qh7+ Kf8 25.dxe5 Qxe5 26.Qc2 Re7 27.Bh4 Rae8 
28.Bxe7+ Rxe7 29.Rh2 a5 30.a3 Qe3 31.Rd3 Qg1+ 32.Rd1 Re1 33.Rd2 Nc5 34.a4 
Rxd1+ 35.Rxd1 Qe3 36.Qf5 Qa3+ 0-1

[Event "6th Africa-ch"]
[Site "Windhoek NAM"]
[Date "2007.09.02"]
[Round "2"]
[White "El-Gindy, Essam"]
[Black "Solomon, Kenny"]
[Result "1/2-1/2"]
[WhiteElo "2507"]
[BlackElo "2344"]
[EventDate "2007.09.01"]
[PlyCount "85"]

1.d4 Nf6 2.Nf3 c5 3.e3 d5 4.c4 cxd4 5.exd4 g6 6.Nc3 Bg7 7.Bg5 Be6 8.Qb3 
dxc4 9.Bxc4 Bxc4 10.Qxc4 O-O 11.O-O Nbd7 12.Rfe1 e6 13.Rad1 Rc8 14.Qe2 h6 
15.Bh4 Nb6 16.Ne5 Nbd5 17.Ne4 g5 18.Nxf6+ Bxf6 19.Bg3 Bg7 20.a3 f5 21.f3 
Bxe5 22.Bxe5 Qd7 23.h4 gxh4 24.Rc1 Kh7 25.Kh1 Rg8 26.Rxc8 Rxc8 27.Qd2 Rg8 
28.Rc1 Qf7 29.Rc5 Qg6 30.Qc2 h3 31.g3 Re8 32.Rc8 Qg8 33.Rc5 Qf7 34.Kh2 Kg8
35.Rc8 Qd7 36.Rxe8+ Qxe8 37.Qc5 a6 38.Qd6 Kh7 39.a4 Qc8 40.Kxh3 Kg6 41.g4 
fxg4+ 42.fxg4 h5 43.Qc5 1/2-1/2

[Event "6th Africa-ch"]
[Site "Windhoek NAM"]
[Date "2007.09.03"]
[Round "3"]
[White "Chambule, Pedro Lucas"]
[Black "El-Gindy, Essam"]
[Result "0-1"]
[WhiteElo "2096"]
[BlackElo "2507"]
[EventDate "2007.09.01"]
[PlyCount "68"]

1.e4 c5 2.Nf3 e6 3.d4 cxd4 4.Nxd4 a6 5.Be2 Nf6 6.Nc3 Qc7 7.Be3 b5 8.a3 Bb7
9.f3 Nc6 10.Qd2 Be7 11.O-O O-O 12.Kh1 Rac8 13.g4 Nxd4 14.Bxd4 e5 15.Be3 d5
16.exd5 Rfd8 17.Bd3 Nxd5 18.Nxd5 Bxd5 19.Qf2 Qb7 20.Kg1 h6 21.Rad1 Bf6 22.
c3 Bc6 23.Bf5 Rb8 24.Bc2 Rxd1 25.Bxd1 Qe7 26.Qc2 Bg5 27.f4 exf4 28.Bxf4 
Bxf4 29.Rxf4 Rd8 30.Rf1 h5 31.Qf2 hxg4 32.Bxg4 Rd6 33.Qf4 Qa7+ 34.Qf2 Rd2 
0-1

[Event "6th Africa-ch"]
[Site "Windhoek NAM"]
[Date "2007.09.05"]
[Round "5"]
[White "Hassan, Sayed Barakat"]
[Black "El-Gindy, Essam"]
[Result "1-0"]
[WhiteElo "2375"]
[BlackElo "2507"]
[EventDate "2007.09.01"]
[PlyCount "67"]

1.e4 c5 2.Nc3 e6 3.g3 a6 4.Bg2 Nc6 5.d3 b5 6.f4 Bb7 7.Nf3 Nge7 8.Be3 d6 9.
O-O Qd7 10.Qd2 g6 11.e5 Nd5 12.Ne4 f5 13.exf6 O-O-O 14.Bf2 h6 15.c4 Nc7 
16.a3 g5 17.fxg5 hxg5 18.Nfxg5 bxc4 19.dxc4 Ne5 20.Qe2 Nf7 21.Be3 Nxg5 22.
Nxg5 d5 23.Bf4 d4 24.Bxb7+ Kxb7 25.Bxc7 Qxc7 26.Qg2+ Qc6 27.Nf7 Bh6 28.
Qxc6+ Kxc6 29.Rae1 Kd7 30.h4 Rb8 31.Nxh8 Rxh8 32.b4 Kc6 33.bxc5 Kxc5 34.
Rxe6 1-0

[Event "6th Africa-ch"]
[Site "Windhoek NAM"]
[Date "2007.09.05"]
[Round "5"]
[White "Van den Heever, Donovan"]
[Black "Chumfwa, Stanley"]
[Result "1-0"]
[WhiteElo "2151"]
[BlackElo "2329"]
[EventDate "2007.09.01"]
[PlyCount "75"]

1.e4 c5 2.Nf3 d6 3.d4 cxd4 4.Nxd4 Nf6 5.Nc3 a6 6.Bc4 e6 7.Bb3 Be7 8.f4 Nc6
9.Be3 O-O 10.Qe2 Nxd4 11.Bxd4 b5 12.O-O-O b4 13.Na4 Qc7 14.Nb6 Rb8 15.Nxc8
Rbxc8 16.Bxf6 Bxf6 17.Qxa6 d5 18.e5 Be7 19.Qe2 Ra8 20.Rhf1 g6 21.g4 Rfc8 
22.h4 Ra5 23.h5 Rca8 24.hxg6 fxg6 25.Qd3 Rxa2 26.Bxa2 Rxa2 27.Qb3 Qa7 28.
Kd2 Ra5 29.Ke2 Qc7 30.Ra1 Rc5 31.Ra8+ Kg7 32.Kd1 Rc4 33.Qa4 Rd4+ 34.Kc1 
Qc4 35.Qa6 Rxf4 36.Qxc4 dxc4 37.Rxf4 Bg5 38.Rf8 1-0

[Event "6th Africa-ch"]
[Site "Windhoek NAM"]
[Date "2007.09.06"]
[Round "6"]
[White "Abdel Razik, Khaled"]
[Black "Hassan, Sayed Barakat"]
[Result "1-0"]
[WhiteElo "2372"]
[BlackElo "2375"]
[EventDate "2007.09.01"]
[PlyCount "76"]

1.d4 d6 2.e4 Nf6 3.Nc3 g6 4.Be2 Bg7 5.g4 h6 6.Be3 c6 7.h3 Qa5 8.Bf3 Nbd7 
9.Ne2 e5 10.Qd2 b5 11.O-O Bb7 12.Bg2 b4 13.Nd1 c5 14.d5 Ba6 15.Re1 Nb6 16.
b3 Qa3 17.c4 bxc3 18.Nexc3 Qa5 19.Nb2 h5 20.a3 Nbd7 21.b4 Qc7 22.g5 Nh7 
23.Rec1 Rc8 24.bxc5 Nxc5 25.Nca4 O-O 26.Nxc5 dxc5 27.Rxc5 Qb7 28.Rac1 Rxc5
29.Rxc5 Rb8 30.Ra5 Bf8 31.Kh2 Bd6 32.Nd3 f5 33.gxf6 Nxf6 34.Nc5 Bxc5 35.
Bxc5 Rc8 36.Qg5 Qf7 37.Qxe5 Re8 38.Qd6 Nd7 1-0

[Event "6th Africa-ch"]
[Site "Windhoek NAM"]
[Date "2007.09.06"]
[Round "6"]
[White "Nadir, Samir"]
[Black "Niazi, Nehad"]
[Result "1-0"]
[WhiteElo "2164"]
[BlackElo "2239"]
[EventDate "2007.09.01"]
[PlyCount "135"]

1.d4 Nf6 2.e3 g6 3.f4 Bg7 4.Nf3 d6 5.Bd3 O-O 6.O-O Nc6 7.c3 e5 8.Nbd2 Qe7 
9.fxe5 dxe5 10.Bb5 Ng4 11.Nc4 Be6 12.b3 Bxc4 13.bxc4 exd4 14.Bxc6 dxe3 15.
Qd7 Qc5 16.Qxg4 e2+ 17.Rf2 bxc6 18.Bd2 Rad8 19.Re1 Rfe8 20.Qg5 f5 21.Rxe2 
Qxc4 22.Rxe8+ Rxe8 23.Qf4 Qc5 24.Qxc7 h6 25.Qd7 Re2 26.Nd4 Re7 27.Qxc6 
Bxd4 28.Qa8+ Kh7 29.cxd4 Qxd4 30.Qf3 a6 31.Qf4 Qxf4 32.Bxf4 Re1+ 33.Rf1 
Re2 34.a3 g5 35.Bd6 Kg6 36.Rb1 f4 37.Rb6 Kf5 38.Bb4 h5 39.Rxa6 g4 40.Ra5+ 
Ke4 41.Rxh5 g3 42.hxg3 fxg3 43.Rg5 Re3 44.Rg8 Rb3 45.Be1 Rxa3 46.Bxg3 Kf5 
47.Kh2 Ra6 48.Rb8 Rh6+ 49.Kg1 Ra6 50.Rb2 Kg4 51.Bb8 Rf6 52.Rb4+ Kg5 53.g3 
Rf7 54.Kg2 Rd7 55.Bf4+ Kg4 56.Be3+ Kf5 57.Kf3 Rd3 58.Rb5+ Kg6 59.Ke4 Rd1 
60.g4 Re1 61.Rb6+ Kg7 62.Kf4 Re2 63.Bd4+ Kf7 64.Kf5 Re1 65.Rb7+ Kf8 66.Bf6
Rg1 67.g5 Rh1 68.Rb8+ 1-0

[Event "6th Africa-ch"]
[Site "Windhoek NAM"]
[Date "2007.09.08"]
[Round "8"]
[White "Abdel Razik, Khaled"]
[Black "Farahat, Ali"]
[Result "1/2-1/2"]
[WhiteElo "2372"]
[BlackElo "2384"]
[EventDate "2007.09.01"]
[PlyCount "36"]

1.d4 d5 2.Nf3 Nf6 3.e3 c6 4.b3 Bf5 5.Be2 e6 6.O-O Nbd7 7.Bb2 Bd6 8.Ne5 O-O
9.Nd2 c5 10.c4 Rc8 11.Nxd7 Nxd7 12.cxd5 exd5 13.dxc5 Nxc5 14.Nf3 Be4 15.
Nd2 Bg6 16.Nf3 Be4 17.Nd2 Bg6 18.Nf3 Be4 1/2-1/2

[Event "6th Africa-ch"]
[Site "Windhoek NAM"]
[Date "2007.09.08"]
[Round "8"]
[White "Adu, Oladapo"]
[Black "Belkhodja, Slim"]
[Result "0-1"]
[WhiteElo "2294"]
[BlackElo "2478"]
[EventDate "2007.09.01"]
[PlyCount "51"]

1.Nf3 d6 2.g3 g6 3.Bg2 Bg7 4.O-O e5 5.e4 Nc6 6.c3 Nge7 7.b4 a6 8.Bb2 O-O 
9.a4 h6 10.b5 Na5 11.d3 Be6 12.Nbd2 Qd7 13.c4 b6 14.Bc3 Nb7 15.d4 Rfd8 16.
Qc2 a5 17.Rfe1 Rac8 18.Rad1 Bg4 19.Nf1 Bxf3 20.Bxf3 exd4 21.Bxd4 Bxd4 22.
Rxd4 Nc5 23.Ne3 Qe6 24.Bg4 Qf6 25.Red1 Re8 26.Bxc8 0-1

[Event "6th Africa-ch"]
[Site "Windhoek NAM"]
[Date "2007.09.08"]
[Round "8"]
[White "Chambule, Pedro Lucas"]
[Black "Eichab, Charles"]
[Result "1-0"]
[WhiteElo "2096"]
[BlackElo "2062"]
[EventDate "2007.09.01"]
[PlyCount "75"]

1.e4 e5 2.Nf3 Nf6 3.d3 Nc6 4.Bg5 Bb4+ 5.c3 Be7 6.Nbd2 d5 7.Be2 O-O 8.O-O 
Be6 9.Re1 Qd6 10.Qc2 a5 11.Nf1 Rfe8 12.Ne3 h6 13.exd5 Bxd5 14.Nxd5 Nxd5 
15.Bd2 Bf6 16.Rad1 Qc5 17.a3 Rad8 18.Bc1 Be7 19.Nxe5 Nxe5 20.d4 Qb6 21.
dxe5 Bf8 22.Bc4 c6 23.Qf5 Qc5 24.Ba2 g6 25.Qg4 Qe7 26.e6 Kh7 27.h4 h5 28.
Qf3 f6 29.Bxd5 cxd5 30.Rxd5 Rxd5 31.Qxd5 Qc7 32.Be3 Rd8 33.Qb5 Qe7 34.Qxa5
Rc8 35.Bd4 Rc6 36.Qd5 Bg7 37.Qd7 Bf8 38.Bxf6 1-0

[Event "6th Africa-ch"]
[Site "Windhoek NAM"]
[Date "2007.09.08"]
[Round "8"]
[White "El-Gindy, Essam"]
[Black "Aderito, Pedro"]
[Result "1-0"]
[WhiteElo "2507"]
[BlackElo "2305"]
[EventDate "2007.09.01"]
[PlyCount "87"]

1.d4 Nf6 2.Nf3 e6 3.e3 b6 4.Bd3 Bb7 5.Nbd2 Be7 6.O-O c5 7.Re1 d6 8.b3 Qc7 
9.Bb2 Nbd7 10.c4 O-O 11.e4 cxd4 12.Bxd4 Ne5 13.Bf1 Rfe8 14.Rc1 Nxf3+ 15.
Qxf3 Nd7 16.Qc3 e5 17.Be3 Nf8 18.g3 Ne6 19.h4 Bf6 20.Bh3 g6 21.Qd3 Qc6 22.
Bg2 Bg7 23.f3 Rf8 24.Bh3 Rae8 25.b4 Ba8 26.Rcd1 Rc8 27.Kh2 Rfe8 28.a3 Bb7 
29.Rc1 Rcd8 30.Rf1 h5 31.Nb1 Nd4 32.Nc3 Bc8 33.Bxc8 Qxc8 34.Nd5 f5 35.Bg5 
Rd7 36.Rce1 Rf7 37.f4 Qe6 38.fxe5 dxe5 39.exf5 gxf5 40.Nf4 Qc6 41.Nxh5 Bh8
42.b5 Qa8 43.Bc1 Rh7 44.Rxf5 1-0

[Event "6th Africa-ch"]
[Site "Windhoek NAM"]
[Date "2007.09.08"]
[Round "8"]
[White "Gwaze, Robert"]
[Black "Amin, Bassem"]
[Result "1/2-1/2"]
[WhiteElo "2413"]
[BlackElo "2535"]
[EventDate "2007.09.01"]
[PlyCount "77"]

1.e4 e5 2.Nf3 Nc6 3.Bc4 Bc5 4.c3 Nf6 5.d3 O-O 6.O-O d6 7.Re1 Bb6 8.Bb3 h6 
9.Na3 Ne7 10.Nc4 Ng6 11.d4 c6 12.dxe5 Ng4 13.Rf1 N4xe5 14.Nfxe5 dxe5 15.
Qxd8 Bxd8 16.Be3 Be7 17.Rfd1 b6 18.Nd6 Ba6 19.Nf5 Rfd8 20.a4 Bd3 21.f3 Kf8
22.Kf2 Rab8 23.Rd2 Ba6 24.Rad1 Rxd2+ 25.Rxd2 Rd8 26.Rxd8+ Bxd8 27.Nd6 f6 
28.g3 Bc7 29.Bc4 Bxd6 30.Bxa6 Ke8 31.Ke2 Nf8 32.Bc8 Kd8 33.Bf5 h5 34.Kd3 
Kc7 35.b4 a6 36.h4 Be7 37.Kc4 b5+ 38.axb5 axb5+ 39.Kb3 1/2-1/2

[Event "6th Africa-ch"]
[Site "Windhoek NAM"]
[Date "2007.09.08"]
[Round "8"]
[White "Khetho, Phemelo"]
[Black "Simutowe, Amon"]
[Result "0-1"]
[WhiteElo "2240"]
[BlackElo "2421"]
[EventDate "2007.09.01"]
[PlyCount "82"]

1.e4 c5 2.Nc3 Nc6 3.f4 g6 4.Nf3 Bg7 5.Bb5 d6 6.Bxc6+ bxc6 7.O-O c4 8.d4 
cxd3 9.cxd3 Ba6 10.Re1 Nf6 11.h3 O-O 12.Be3 c5 13.d4 cxd4 14.Bxd4 Qa5 15.
Qd2 Rfc8 16.Qf2 Bb7 17.Rac1 e6 18.Qh4 Qd8 19.Rcd1 d5 20.exd5 Nxd5 21.Qxd8+
Rxd8 22.Bxg7 Kxg7 23.Nxd5 Bxd5 24.b3 a5 25.Rd3 a4 26.Ree3 axb3 27.axb3 Ra2
28.Kh2 Rb2 29.Kg3 Rb8 30.Nd2 Rc8 31.Re2 Rb8 32.Ree3 Rb4 33.Re1 h5 34.Ra1 
h4+ 35.Kg4 Bxg2 36.Nf3 Rf2 37.Ra5 Bxf3+ 38.Rxf3 f5+ 39.Kg5 Rxf3 40.Ra7+ 
Kf8 41.Kf6 Ke8 0-1

[Event "6th Africa-ch"]
[Site "Windhoek NAM"]
[Date "2007.09.08"]
[Round "8"]
[White "Mwali, Chitumbo"]
[Black "Niazi, Nehad"]
[Result "1-0"]
[WhiteElo "2163"]
[BlackElo "2239"]
[EventDate "2007.09.01"]
[PlyCount "79"]

1.c4 Nf6 2.g3 g6 3.Bg2 Bg7 4.Nc3 O-O 5.d3 c5 6.a3 Nc6 7.Rb1 a5 8.Nf3 d5 9.
cxd5 Nxd5 10.Nxd5 Qxd5 11.O-O a4 12.Be3 Qd6 13.Rc1 Nd4 14.Nxd4 Bxd4 15.
Bxd4 Qxd4 16.Qd2 Ra7 17.Rc4 Qd6 18.Qc2 b6 19.Rxa4 Rxa4 20.Qxa4 h5 21.Bf3 
Qf6 22.Rb1 Bf5 23.Qc6 Qd4 24.Qxb6 Qe5 25.Rc1 Rc8 26.h4 Bg4 27.Bxg4 hxg4 
28.Rc2 Qd5 29.b4 c4 30.Qa6 Qf5 31.Rxc4 Rd8 32.b5 Kg7 33.Qa5 Rd6 34.Qc3+ e5
35.a4 Rf6 36.Qe1 g5 37.hxg5 Qxg5 38.Rc6 Rf5 39.Qc1 Qe7 40.Qh6+ 1-0

[Event "6th Africa-ch"]
[Site "Windhoek NAM"]
[Date "2007.09.08"]
[Round "8"]
[White "Nadir, Samir"]
[Black "Magana, Benjamin"]
[Result "1-0"]
[WhiteElo "2164"]
[BlackElo "2151"]
[EventDate "2007.09.01"]
[PlyCount "89"]

1.Nf3 d5 2.b3 Bf5 3.Bb2 e6 4.e3 Nf6 5.Be2 h6 6.O-O Bd6 7.d3 O-O 8.Nbd2 
Nbd7 9.c4 c6 10.Qc2 e5 11.e4 dxe4 12.Nxe4 Nxe4 13.dxe4 Be6 14.c5 Nxc5 15.
Nxe5 Re8 16.f4 Qb6 17.Kh1 Rad8 18.Rad1 Nxb3 19.axb3 Bxb3 20.Qc3 Bxe5 21.
fxe5 Bxd1 22.e6 f6 23.Bxd1 Qf2 24.Qc4 Rxd1 25.Rxd1 Qxb2 26.e7+ Kh7 27.Qf7 
Rxe7 28.Qxe7 a5 29.Qe6 h5 30.Qf5+ Kh6 31.Qxa5 g5 32.Qd2 Qe5 33.Qd6 Qb2 34.
e5 Qxe5 35.Qxe5 fxe5 36.Rd6+ Kg7 37.Kg1 Kf7 38.Rd7+ Ke6 39.Rxb7 Kd5 40.Kf2
Kd4 41.Rd7+ Ke4 42.Rc7 Kd5 43.Ke3 c5 44.Rd7+ Ke6 45.Rh7 1-0

[Event "6th Africa-ch"]
[Site "Windhoek NAM"]
[Date "2007.09.08"]
[Round "8"]
[White "Onabogun, Kolade"]
[Black "Solomons, Deon"]
[Result "1-0"]
[WhiteElo "1890"]
[BlackElo "2233"]
[EventDate "2007.09.01"]
[PlyCount "97"]

1.e4 e5 2.Nf3 Nc6 3.Bb5 a6 4.Ba4 Nf6 5.d3 b5 6.Bb3 Be7 7.O-O O-O 8.Re1 d6 
9.c3 Na5 10.Bc2 c5 11.Nbd2 Rb8 12.Nf1 b4 13.Ne3 Be6 14.d4 cxd4 15.cxd4 Ng4
16.Bd3 Nxe3 17.Bxe3 exd4 18.Nxd4 Bc8 19.Qe2 Ra8 20.Rac1 Bf6 21.f4 Re8 22.
Qf2 Bb7 23.Nf3 Nc6 24.Bc4 Qe7 25.Bd5 Rac8 26.g4 g6 27.Rcd1 Nd8 28.g5 Bg7 
29.f5 gxf5 30.exf5 Bxd5 31.Rxd5 Qe4 32.Bf4 Qxd5 33.Rxe8+ Bf8 34.Qe2 Qc5+ 
35.Qe3 Qxe3+ 36.Bxe3 Rb8 37.Nd4 Nc6 38.Rxf8+ Kxf8 39.Nxc6 Rb5 40.f6 Ke8 
41.Kf2 a5 42.Nd4 Rc5 43.h4 a4 44.Ke2 Re5 45.Kd3 d5 46.Nc6 Re4 47.h5 Kd7 
48.g6 hxg6 49.hxg6 1-0

[Event "6th Africa-ch"]
[Site "Windhoek NAM"]
[Date "2007.09.08"]
[Round "8"]
[White "Pascoal, Eduardo"]
[Black "Hassan, Sayed Barakat"]
[Result "1-0"]
[WhiteElo "2086"]
[BlackElo "2375"]
[EventDate "2007.09.01"]
[PlyCount "41"]

1.d4 Nf6 2.Nf3 c5 3.c4 cxd4 4.Nxd4 e5 5.Nb5 d5 6.cxd5 Bc5 7.e3 O-O 8.N5c3 
e4 9.Be2 Qe7 10.a3 Rd8 11.b4 Bb6 12.Bb2 Bf5 13.Qb3 Nbd7 14.Nd2 Ne5 15.Nc4 
Nxc4 16.Bxc4 Ng4 17.Ne2 Rac8 18.Ng3 Bg6 19.Be2 Qh4 20.Bxg4 Qxg4 21.O-O 1-0

[Event "6th Africa-ch"]
[Site "Windhoek NAM"]
[Date "2007.09.08"]
[Round "8"]
[White "Steel, Henry"]
[Black "Sarwat, Walaa"]
[Result "1/2-1/2"]
[WhiteElo "2200"]
[BlackElo "2388"]
[EventDate "2007.09.01"]
[PlyCount "125"]

1.e4 e5 2.Nf3 Nc6 3.Bb5 a6 4.Ba4 Nf6 5.d4 exd4 6.O-O Be7 7.Re1 b5 8.Bb3 d6
9.Bd5 Bb7 10.Nxd4 Nxd5 11.Nxc6 Bxc6 12.exd5 Bb7 13.Qf3 O-O 14.Bd2 Bf6 15.
Bc3 Re8 16.Rxe8+ Qxe8 17.Nd2 Bxc3 18.Qxc3 Rc8 19.Qd4 Qe2 20.b3 Re8 21.c4 
h6 22.h3 bxc4 23.bxc4 Bc8 24.Qc3 Bf5 25.Nf1 Rb8 26.Ng3 Qc2 27.Qxc2 Bxc2 
28.Nf1 Bd3 29.Ne3 a5 30.Rc1 f5 31.Rc3 Bb1 32.c5 f4 33.cxd6 cxd6 34.Nf1 Be4
35.Rc4 Bxd5 36.Rxf4 Rb1 37.f3 Bxa2 38.Kf2 Rb2+ 39.Ke3 Rxg2 40.Ra4 Be6 41.
Rxa5 Bxh3 42.Nd2 Kf8 43.Nc4 Rg6 44.Ra8+ Ke7 45.Ra7+ Kd8 46.Ra8+ Kc7 47.
Ra7+ Kc6 48.Nd2 Bf5 49.Nb3 Kb6 50.Ra1 Re6+ 51.Kd4 Rf6 52.Nd2 Bc8 53.Nc4+ 
Kc6 54.Rc1 Ba6 55.Nd2+ Kd7 56.Ke3 Bb7 57.Rb1 Bc6 58.Ra1 g5 59.Ra7+ Ke6 60.
Rc7 Bd5 61.Rb7 Kf5 62.Ra7 Kg6 63.Ra5 1/2-1/2

[Event "6th Africa-ch"]
[Site "Windhoek NAM"]
[Date "2007.09.08"]
[Round "8"]
[White "Van den Heever, Donovan"]
[Black "Andrade, Ivan Sales"]
[Result "1-0"]
[WhiteElo "2151"]
[BlackElo "2134"]
[EventDate "2007.09.01"]
[PlyCount "86"]

1.e4 e6 2.d3 d5 3.Nd2 Nf6 4.Ngf3 Be7 5.g3 O-O 6.Bg2 c5 7.O-O Nc6 8.e5 Nd7 
9.Re1 Qc7 10.Qe2 a5 11.h4 a4 12.a3 b5 13.Nf1 b4 14.N1h2 Re8 15.Bf4 bxa3 
16.bxa3 Nd4 17.Nxd4 cxd4 18.Nf3 Bc5 19.Bc1 Rb8 20.Qd2 Bb6 21.Qf4 Qxc2 22.
Nxd4 Qxd3 23.Be3 Qg6 24.Bf3 f6 25.exf6 Qxf6 26.Nc6 Ra8 27.Qxf6 gxf6 28.
Bxb6 Nxb6 29.Bh5 Bd7 30.Bxe8 Rxe8 31.Nb4 Nc4 32.Nd3 Rc8 33.Reb1 e5 34.Rb4 
e4 35.Nb2 Nd2 36.Nxa4 Nf3+ 37.Kg2 Rc2 38.Rb8+ Kf7 39.Nb2 d4 40.Nd1 Bg4 41.
Rb2 Rc8 42.a4 Ne1+ 43.Kg1 Ra8 1-0

[Event "6th Africa-ch"]
[Site "Windhoek NAM"]
[Date "2007.09.09"]
[Round "9"]
[White "Amin, Bassem"]
[Black "Van den Heever, Donovan"]
[Result "1-0"]
[WhiteElo "2535"]
[BlackElo "2151"]
[EventDate "2007.09.01"]
[PlyCount "95"]

1.e4 c5 2.Nf3 d6 3.d3 Nc6 4.g3 g6 5.Bg2 Bg7 6.O-O e5 7.c3 Nge7 8.a3 O-O 9.
b4 h6 10.Nbd2 Be6 11.Rb1 Qc7 12.Bb2 Rae8 13.d4 cxd4 14.cxd4 Nxd4 15.Nxd4 
exd4 16.Nf3 Nc6 17.Nxd4 Bc4 18.Re1 Ne5 19.Re3 b5 20.Nb3 Qb6 21.Na5 h5 22.
h3 Ba2 23.Rc1 Rc8 24.Kh1 Bh6 25.Rxc8 Rxc8 26.Re2 Bc4 27.Rc2 Nd3 28.Qxd3 
Bxd3 29.Rxc8+ Bf8 30.Kg1 f6 31.Bxf6 Kf7 32.e5 dxe5 33.Bxe5 Qe6 34.Rc7+ Kg8
35.Nc6 Bc4 36.f4 Qf5 37.Rg7+ Bxg7 38.Ne7+ Kf7 39.Nxf5 Bxe5 40.Nh6+ Ke6 41.
fxe5 Kxe5 42.h4 Kd4 43.Kf2 Kc3 44.Ke3 Kb3 45.Kd4 Kxa3 46.Kc5 Bb3 47.Nf7 a5
48.Ne5 1-0

[Event "6th Africa-ch"]
[Site "Windhoek NAM"]
[Date "2007.09.09"]
[Round "9"]
[White "Andrade, Ivan Sales"]
[Black "Abdel Razik, Khaled"]
[Result "0-1"]
[WhiteElo "2134"]
[BlackElo "2372"]
[EventDate "2007.09.01"]
[PlyCount "110"]

1.e4 e6 2.d4 d5 3.Nc3 Bb4 4.e5 Ne7 5.a3 Bxc3+ 6.bxc3 c5 7.Qg4 Qc7 8.Qxg7 
Rg8 9.Qxh7 cxd4 10.Ne2 Nbc6 11.f4 Bd7 12.Qd3 dxc3 13.Nxc3 Nf5 14.Nb5 Qd8 
15.Rb1 a6 16.Nd6+ Nxd6 17.exd6 Bc8 18.Qh7 Rf8 19.Bd3 Qa5+ 20.Kd1 Qc5 21.
Qg7 Bd7 22.Rxb7 Na5 23.Rb1 Qxd6 24.Bd2 Nc6 25.f5 Qxa3 26.Bh6 O-O-O 27.Ra1 
Qb4 28.Bxa6+ Kc7 29.Qg3+ e5 30.Bxf8 Qd4+ 31.Ke2 Bxf5 32.Bd3 Bg4+ 33.Kd2 
Rxf8 34.c3 Qf4+ 35.Qxf4 exf4 36.Rhf1 Be6 37.Rxf4 Rb8 38.Rb1 Ra8 39.Rb2 Ne5
40.Be2 Rh8 41.h3 Rg8 42.g4 Rh8 43.Bf1 Ra8 44.Rfb4 Kd6 45.Rb7 Ra1 46.Rb1 
Ra2+ 47.R7b2 Ra8 48.Ke3 Ra3 49.Rc1 Ra4 50.Rb4 Ra2 51.Be2 Ng6 52.Rcb1 Ke5 
53.Rh1 Nh4 54.g5 Nf5+ 55.Kd3 Rxe2 0-1

[Event "6th Africa-ch"]
[Site "Windhoek NAM"]
[Date "2007.09.09"]
[Round "9"]
[White "Belkhodja, Slim"]
[Black "Mandizha, Farai"]
[Result "1-0"]
[WhiteElo "2478"]
[BlackElo "2366"]
[EventDate "2007.09.01"]
[PlyCount "53"]

1.e4 e6 2.d3 d5 3.Nd2 Nf6 4.Ngf3 c5 5.g3 Be7 6.Bg2 Nc6 7.O-O O-O 8.Re1 b5 
9.exd5 exd5 10.d4 c4 11.a4 Bf5 12.c3 a6 13.Ne5 Rc8 14.axb5 axb5 15.Nxc6 
Rxc6 16.Nf3 b4 17.Bg5 bxc3 18.bxc3 h6 19.Ne5 Rb6 20.Bxf6 Bxf6 21.Ng4 Bg5 
22.Re5 Be6 23.f4 Bf6 24.Nxf6+ Qxf6 25.Qf1 Qf5 26.Bxd5 Qd3 27.Qe1 1-0

[Event "6th Africa-ch"]
[Site "Windhoek NAM"]
[Date "2007.09.09"]
[Round "9"]
[White "El-Gindy, Essam"]
[Black "Gwaze, Robert"]
[Result "1/2-1/2"]
[WhiteElo "2507"]
[BlackElo "2413"]
[EventDate "2007.09.01"]
[PlyCount "20"]

1.d4 Nf6 2.Nf3 e6 3.e3 c5 4.Bd3 b6 5.O-O Bb7 6.Nbd2 cxd4 7.exd4 Be7 8.c3 
O-O 9.Re1 d6 10.a4 a6 1/2-1/2

[Event "6th Africa-ch"]
[Site "Windhoek NAM"]
[Date "2007.09.09"]
[Round "9"]
[White "Hassan, Sayed Barakat"]
[Black "Mwali, Chitumbo"]
[Result "1-0"]
[WhiteElo "2375"]
[BlackElo "2163"]
[EventDate "2007.09.01"]
[PlyCount "77"]

1.e4 e5 2.Bc4 Nc6 3.Nf3 Nf6 4.d3 Be7 5.Bb3 d6 6.c3 O-O 7.Nbd2 Na5 8.Bc2 c5
9.Nf1 b5 10.Ng3 a6 11.O-O Re8 12.h3 Bb7 13.Qe2 Bf8 14.Nh2 d5 15.f3 c4 16.
Nf5 Nh5 17.Ng4 Nf4 18.Bxf4 exf4 19.Rad1 h5 20.Nf2 Qg5 21.Qd2 cxd3 22.Bxd3 
dxe4 23.fxe4 Bc5 24.h4 Qg4 25.b4 f3 26.Qg5 Qxg2+ 27.Qxg2 fxg2 28.Rfe1 
Bxf2+ 29.Kxf2 Nc6 30.Nd6 Re7 31.e5 Rd8 32.Nxb7 Rxb7 33.Be4 Rc7 34.Rd6 Rdc8
35.e6 fxe6 36.Rxe6 Ne7 37.Kxg2 Rd8 38.Re2 Rxc3 39.Rxe7 1-0

[Event "6th Africa-ch"]
[Site "Windhoek NAM"]
[Date "2007.09.09"]
[Round "9"]
[White "Kawuma, Steven"]
[Black "Alice Mateus, Felizardo Viageiro"]
[Result "1-0"]
[WhiteElo "2144"]
[BlackElo "2255"]
[EventDate "2007.09.01"]
[PlyCount "140"]

1.Nf3 Nf6 2.g3 g6 3.Bg2 Bg7 4.O-O O-O 5.d3 d5 6.Nbd2 c5 7.e4 Nc6 8.Re1 
dxe4 9.dxe4 Qc7 10.c3 Rd8 11.Qc2 b6 12.Bf1 h6 13.a4 Bg4 14.h3 Be6 15.Nc4 
Nh5 16.Ne3 Na5 17.c4 Nc6 18.Nd5 Qb7 19.Bd2 Nd4 20.Nxd4 cxd4 21.Bb4 Re8 22.
Bg2 Qd7 23.Kh2 Rac8 24.Qd3 Bxd5 25.exd5 a5 26.Bd2 Qc7 27.Rec1 Nf6 28.b4 
axb4 29.Bxb4 Nd7 30.a5 Ne5 31.Qb3 bxa5 32.Bxa5 Rb8 33.Qa3 Qc8 34.c5 Qf5 
35.f4 Nd3 36.Rf1 Rb2 37.Rf3 Qxd5 38.Qxd3 Qxc5 39.Bd2 Reb8 40.Rc1 Qd5 41.
Rf2 Qa2 42.Rcf1 e6 43.Be1 R8b3 44.Qc4 d3 45.Rxb2 Qxb2 46.Rf2 Qb1 47.Bd2 
Ra3 48.Bf1 Qc2 49.Qxc2 dxc2 50.Bc1 Rc3 51.Bb5 e5 52.Ba4 exf4 53.gxf4 g5 
54.Rxc2 Rxc2+ 55.Bxc2 gxf4 56.Bxf4 Kh8 57.Kg3 Kg8 58.Bb3 Bf8 59.Kg4 Bg7 
60.Kf5 Kf8 61.Ke4 Ke7 62.Kf5 Kf8 63.Bd6+ Kg8 64.Be7 Bf8 65.Bh4 Bg7 66.Ke4 
Bb2 67.Kd5 Kg7 68.Kd6 Bc3 69.Ke7 f5 70.Bc2 f4 1-0

[Event "6th Africa-ch"]
[Site "Windhoek NAM"]
[Date "2007.09.09"]
[Round "9"]
[White "Masango, Spencer"]
[Black "Magana, Benjamin"]
[Result "1-0"]
[WhiteElo "2140"]
[BlackElo "2151"]
[EventDate "2007.09.01"]
[PlyCount "89"]

1.d4 d5 2.Nf3 Nf6 3.e3 Bg4 4.c4 e6 5.Qb3 Qc8 6.Ne5 Bf5 7.Nc3 c6 8.Bd2 Nbd7
9.cxd5 exd5 10.f4 Bd6 11.Be2 Ne4 12.g4 Nxc3 13.bxc3 Be4 14.Rg1 O-O 15.c4 
b6 16.cxd5 Bxd5 17.Qc2 Bxe5 18.fxe5 Qd8 19.g5 c5 20.Bd3 g6 21.h4 cxd4 22.
exd4 Re8 23.h5 Qe7 24.Qb2 Qe6 25.hxg6 fxg6 26.Bb4 Rac8 27.Rg3 a5 28.Bd2 
Rf8 29.Be3 Bc4 30.Rd1 Bxa2 31.Bf1 Bd5 32.Bh3 Qf7 33.Rd2 Be6 34.Rf2 Qe7 35.
Bxe6+ Qxe6 36.Qa2 Qxa2 37.Rxa2 Kf7 38.Rh3 Rh8 39.Kd2 Ke6 40.Kd3 Kd5 41.Rb2
Nf8 42.Rxb6 Rd8 43.Rh1 Ne6 44.Rc1 Rhf8 45.Rb5+ 1-0

[Event "6th Africa-ch"]
[Site "Windhoek NAM"]
[Date "2007.09.09"]
[Round "9"]
[White "Nadir, Samir"]
[Black "Njili, Kamel"]
[Result "0-1"]
[WhiteElo "2164"]
[BlackElo "2366"]
[EventDate "2007.09.01"]
[PlyCount "102"]

1.Nf3 Nf6 2.g3 g6 3.Bg2 Bg7 4.O-O O-O 5.c4 c5 6.Nc3 Nc6 7.d4 d6 8.dxc5 
dxc5 9.Be3 Nd7 10.Qc1 Nd4 11.Rd1 e5 12.Bh6 Qa5 13.Kh1 Re8 14.Nd5 Bh8 15.
Nxd4 exd4 16.Qg5 Bg7 17.Ne7+ Kh8 18.Bxg7+ Kxg7 19.Nf5+ Kh8 20.Nd6 f6 21.
Qd5 Re7 22.Rd3 Ne5 23.Nxc8 Rxc8 24.Qd6 Rf7 25.Bd5 Qc7 26.Qxc7 Rfxc7 27.Rb3
b6 28.h3 Re8 29.e3 Nc6 30.Kg2 dxe3 31.Rxe3 Rxe3 32.fxe3 Nb4 33.e4 Kg7 34.
a3 Nc2 35.Rc1 Nd4 36.Re1 Re7 37.b4 cxb4 38.axb4 f5 39.Re3 Nc2 40.Rc3 Nxb4 
41.exf5 gxf5 42.Bf3 Na6 43.Rd3 Nc5 44.Rd5 a5 45.Rd6 a4 46.Rxb6 a3 47.Rb1 
Rd7 48.Ra1 Rd2+ 49.Kf1 a2 50.Bd1 Rb2 51.Rc1 Kf6 0-1